Kraków - linia tramwajowa nr 17 - Statystyki

Ogólne statystyki
  • Ten quiz został rozwiązany 21 razy
  • Średni wynik to 17 z 25
Statystyki odpowiedzi
Hint Odpowiedź % Poprawnych
Pętla Czerwone Maki P+R
100%
7. Borsucza
76%
19. Hala Targowa
76%
14. Korona
76%
17. Miodowa
76%
20. Rondo Grzegórzeckie
76%
18. Starowiślna
76%
Pętla Dworzec Towarowy
71%
2. Kampus UJ
71%
10. (Pętla pośrednia, awaryjna) Łagiewniki (02)
71%
9. (Pętla pośrednia, awaryjna) Łagiewniki (04)
71%
6. Lipińskiego
71%
4. Norymberska
71%
15. Plac Bohaterów Getta
71%
12. Rondo Matecznego
71%
21. Rondo Mogilskie
71%
11. Rzemieślnicza
71%
13. Smolki
71%
16. Św. Wawrzyńca
71%
3. Ruczaj
65%
8. (Przystanek na żądanie) Brożka
59%
22. Dworzec Główny Tunel
59%
5. Grota-Roweckiego
59%
23. Politechnika
59%
1. Chmieleniec
41%
Nie znaleziono quizów pasujących do podanych kryteriów
Rozkład punktacji
Procent ludzi z każdym wynikiem
Percentyl według liczby udzielonych odpowiedzi
Twoja historia wyników
Nie rozwiązałeś tego quizu